000 00267nam a22001097a 4500
082 _a621.38418 TER'R
100 _aTERMAN, FREDERICK ENMONS
_960676
245 _aRADIO ENGINEERING HANDBOOK
260 _aNEWYORK
_bMCGRAW HILL
_c1943
300 _aXI,1019P
942 _cBK
999 _c570352
_d570352